000
00281nam a22001097a 4500
082
_a
665.744 KAT'H
100
_a
KATZ, D.L,CORNELL, D,VARY, J.A
_9
78019
245
_a
HANDBOOK OF NATURAL GAS ENGINEERING
260
_a
NEWYORK
_b
MCGRAW HILL
_c
1959
300
_a
VII, 802P
942
_c
BK
999
_c
583181
_d
583181